| 000 | 01133nas2a22002651 4500 | ||
|---|---|---|---|
| 001 | RU\NLR\BIBL_A\022777378 | ||
| 005 | 20260412095602.0 | ||
| 035 | _a(NLR Aleph) 022777378 | ||
| 090 |
_a13655274 _c13655274 |
||
| 100 | _a20260407d1905 u y0rusy50 ca | ||
| 101 | 0 | _aheb | |
| 102 | _aRU | ||
| 110 | _aafazz 0 a | ||
| 200 | 1 |
_aהזמן _eירחון לעניני החיים, הספרות, האמנות והמדע _vחוברת ט. |
|
| 210 |
_aוילנה _dתרס″ו _eבדפוס האלמנה והאחים ראם |
||
| 210 |
_aВильна _d1905 _eБедфус хаалмана вехаахим ром |
||
| 215 | _a301-456 с. | ||
| 461 | 0 |
_1001RU\NLR\BIBL_A\022774491 _12001#$aהזמן$vחוברת ט. _913652016 _aכ″ץ, ב. צ. _cוילנא _lГазманъ (Время) _oירחון לעניני החיים, הספרות, האמנות והמדע : Ежемѣсячный научно-литературный журнал _tהזמן _vחוברת ט. |
|
| 510 | 1 |
_aХазман _zheb |
|
| 541 | 1 | _aХазман (Время) | |
| 852 |
_aNLR _bОЛСАА-ивр _jЖ-36 |
||
| 942 | _cBOOK | ||
| 980 | 1 | _aHEBR | |
| 980 | _aNB | ||